Statistics for Top 15 Countries with Covid-19 Cases - 4 Apr 2021

Click here to take the quiz!

General Stats

  • This quiz has been taken 15 times
  • The average score is 17 of 28

Answer Stats

country% Correct
United Kingdom
100%
United States
100%
France
93%
Spain
93%
Brazil
86%
Italy
86%
India
79%
Argentina
71%
Germany
71%
Russia
71%
Sweden
71%
Belgium
64%
Colombia
64%
Mexico
64%
Netherlands
57%
Turkey
57%
Hungary
50%
Portugal
50%
Czechia
43%
Iran
43%
Poland
43%
Israel
36%
Lithuania
36%
Panama
36%
Estonia
29%
Georgia
29%
Slovenia
29%
Bahrain
21%

Score Distribution

Percentile by Number Answered

Percent of People with Each Score

Your Score History

You have not taken this quiz